000 00151 a2200073 4500
020 _a9781409583769
082 _aEKF THE
245 _aTHE STORY OF BABY JESUS
999 _c793204
_d793203
942 _w300
_xThenjiwe Mabuza
_y300
_zThenjiwe Mabuza